| 000 | 01149cam a22003494a 4500 | ||
|---|---|---|---|
| 001 | 16677251 | ||
| 003 | OSt | ||
| 005 | 20170105101151.0 | ||
| 008 | 110304s2011 dcua b 000 0 eng | ||
| 010 | _a 2011009317 | ||
| 020 | _a9780821386897 | ||
| 020 | _a0821386891 | ||
| 020 | _a9780821387283 (electronic) | ||
| 020 | _a0821387286 (electronic) | ||
| 035 | _a(OCoLC)ocn697266917 | ||
| 040 |
_aDLC _cDLC _dYDX _dBTCTA _dYDXCP _dCDX _dBWX _dDLC |
||
| 042 | _apcc | ||
| 043 | _aa-ii--- | ||
| 050 | 0 | 0 |
_aHC440.P6 _bP47 2011 |
| 082 | 0 | 0 |
_a339.4/60954 _222 |
| 245 | 0 | 0 |
_aPerspectives on poverty in India : _bstylized facts from survey data. |
| 260 |
_aWashington, D.C. : _bWorld Bank, _cc2011. |
||
| 300 |
_axx, 270 p. : _bill. ; _c23 cm. |
||
| 504 | _aIncludes bibliographical references. | ||
| 650 | 0 |
_aPoverty _zIndia. |
|
| 651 | 0 |
_aIndia _xEconomic conditions. |
|
| 651 | 0 |
_aIndia _xSocial conditions. |
|
| 710 | 2 | _aWorld Bank. | |
| 906 |
_a7 _bcbc _corignew _d1 _eecip _f20 _gy-gencatlg |
||
| 942 |
_2ddc _cBK |
||
| 999 |
_c2412 _d2412 |
||